|
|
|
|
| LEADER |
00000nab a2200000 a 4500 |
| 001 |
vtls000840542 |
| 003 |
SK-MaSNL |
| 005 |
20260304110331.0 |
| 008 |
250429c2003 xo 0 slo |
| 015 |
|
|
|a SNBRB2003/07-20605
|
| 035 |
|
|
|a CLN000192197
|
| 035 |
|
|
|a urn:nbn:sk:snk-ab7428
|
| 035 |
|
|
|a (uuid)f10d9ffc-d9d5-4777-bfa5-3931f10b2312
|
| 035 |
|
|
|a (urnnbn)urn:nbn:sk:snk:ar-a06sk2
|
| 035 |
|
|
|a (sysno)vtls000840542
|
| 040 |
|
|
|a SNKBUCL
|b slo
|c SNKBUCL
|e AACR2
|
| 041 |
0 |
|
|a slo
|
| 044 |
|
|
|a xo
|c SK
|
| 080 |
|
|
|a 657.421.1:657.372.4:629.113
|2 1997
|
| 080 |
|
|
|a 336.225.621.12:657.372.4:629.113
|2 1997
|
| 080 |
|
|
|a 657.372.4
|2 1997
|
| 080 |
|
|
|a 629.113
|2 1997
|
| 100 |
1 |
|
|a Salanciová, Darina
|4 aut
|9 847269
|
| 245 |
1 |
0 |
|a Technické zhodnotenie osobných dopravných prostriedkov
|c Darina Salanciová
|
| 300 |
|
|
|b Tab.
|
| 650 |
0 |
7 |
|a technické zhodnotenie majetku
|2 SNKPH
|9 849328
|
| 650 |
0 |
7 |
|a odpisy
|2 SNK
|9 770542
|
| 650 |
0 |
7 |
|a motorové vozidlá
|2 SNKPH
|9 1587
|
| 655 |
|
7 |
|a články z novín a časopisov
|2 SNK
|9 267496
|
| 773 |
0 |
|
|t Dane a účtovníctvo v praxi
|g Roč. 8, č. 5 (2003), s. 4-8
|x 1335-7034
|
| 850 |
|
|
|a Slovenská národná knižnica
|
| 852 |
|
|
|a Slovenská národná knižnica
|
| 954 |
|
|
|a odborná, vedecká literatúra pôvodná (slovenská)
|2 lita
|
| 958 |
|
|
|a article27
|
| 958 |
|
|
|a OND
|
| 958 |
|
|
|a EUIPO
|
| 992 |
|
|
|a RBX
|
| 999 |
|
|
|c 2859521
|d 2861451
|